<?xml version="1.0" encoding="UTF-8"?>
<collection xmlns:xsi="http://www.w3.org/2001/XMLSchema-instance" xsi:schemaLocation="http://www.loc.gov/MARC21/slim http://www.loc.gov/standards/marcxml/schema/MARC21slim.xsd" xmlns="http://www.loc.gov/MARC21/slim">
 <record>
  <leader>00000nam a2200000 i 4500</leader>
  <controlfield tag="001">UP-8027390931311625630</controlfield>
  <controlfield tag="003">Buklod</controlfield>
  <controlfield tag="005">20260313153613.0</controlfield>
  <controlfield tag="006">m    |o  d |      </controlfield>
  <controlfield tag="007">cr cu|nnnauaaa</controlfield>
  <controlfield tag="008">260313s2019    txu     o  d        eng d</controlfield>
  <datafield tag="020" ind1=" " ind2=" ">
   <subfield code="z">9781623497682</subfield>
   <subfield code="a">(ebook)</subfield>
  </datafield>
  <datafield tag="035" ind1=" " ind2=" ">
   <subfield code="a">20817370</subfield>
  </datafield>
  <datafield tag="040" ind1=" " ind2=" ">
   <subfield code="a">TXA/DLC</subfield>
   <subfield code="d">DMLF</subfield>
   <subfield code="e">rda</subfield>
  </datafield>
  <datafield tag="041" ind1=" " ind2=" ">
   <subfield code="a">eng</subfield>
  </datafield>
  <datafield tag="042" ind1=" " ind2=" ">
   <subfield code="a">DMLUC</subfield>
  </datafield>
  <datafield tag="084" ind1=" " ind2=" ">
   <subfield code="a">CC 77 U5</subfield>
   <subfield code="b">V66 2019eb</subfield>
  </datafield>
  <datafield tag="100" ind1="1" ind2=" ">
   <subfield code="a">Von der Porten, Edward P.</subfield>
   <subfield code="e">author.</subfield>
  </datafield>
  <datafield tag="245" ind1="1" ind2="0">
   <subfield code="a">Ghost galleon</subfield>
   <subfield code="b">the discovery and archaeology of the San Juanillo on the shores of Baja California</subfield>
   <subfield code="c">Edward P. Von der Porten ; Afterword by Peter A. Von der Porten.</subfield>
  </datafield>
  <datafield tag="250" ind1=" " ind2=" ">
   <subfield code="a">First edition.</subfield>
  </datafield>
  <datafield tag="264" ind1=" " ind2="1">
   <subfield code="a">College Station</subfield>
   <subfield code="b">Texas A&amp;M University Press</subfield>
   <subfield code="c">©2019.</subfield>
  </datafield>
  <datafield tag="300" ind1=" " ind2=" ">
   <subfield code="a">[1 online resource] xii, 227 pages</subfield>
   <subfield code="b">illustrations (some color), maps.</subfield>
  </datafield>
  <datafield tag="336" ind1=" " ind2=" ">
   <subfield code="a">text</subfield>
   <subfield code="2">rdacontent</subfield>
  </datafield>
  <datafield tag="337" ind1=" " ind2=" ">
   <subfield code="a">computer</subfield>
   <subfield code="2">rdamedia</subfield>
  </datafield>
  <datafield tag="338" ind1=" " ind2=" ">
   <subfield code="a">online resource</subfield>
   <subfield code="2">rdacarrier</subfield>
  </datafield>
  <datafield tag="490" ind1="0" ind2=" ">
   <subfield code="a">Ed Rachal Foundation nautical archaeology series</subfield>
  </datafield>
  <datafield tag="504" ind1=" " ind2=" ">
   <subfield code="a">Includes bibliographical references and index.</subfield>
  </datafield>
  <datafield tag="505" ind1="0" ind2=" ">
   <subfield code="a">Discovery -- Dreams of Asian riches -- The first expedition -- Understanding the ship -- Back to the beaches -- Widening the circle of scholars -- New methods, many discoveries -- The early Manila galleons -- Many insights, strange byways -- Following up, looking for breakthroughs -- Steady work exposing the secrets -- Trying conventional techniques -- Stories from the porcelains -- Steps forward, steps backward -- Building the Manila galleons -- Surprises and successes -- Twenty years and still searching -- The tragic voyage.</subfield>
  </datafield>
  <datafield tag="520" ind1=" " ind2=" ">
   <subfield code="a">&quot;An inside view of how archaeologists, working like detectives at an ancient crime scene, carefully assemble the evidence that allows scientific reconstruction of events from the distant past. In a series of expeditions from 1999 to 2016, Von der Porten and his dedicated team, in association with the Instituto Nacional de Antropología e Historia (INAH), assembled scores of artifacts, conducted countless hours of archival and other research, and finally concluded that they had located the buried remains of the cargo from the sixteenth century Manila galleon 'San Juanillo' on the shores of Baja California&quot;--Provided by publisher.</subfield>
  </datafield>
  <datafield tag="650" ind1=" " ind2="0">
   <subfield code="a">Excavations (Archaeology)</subfield>
   <subfield code="z">Mexico</subfield>
   <subfield code="z">Baja California (Peninsula)</subfield>
  </datafield>
  <datafield tag="650" ind1=" " ind2="0">
   <subfield code="a">Galleons</subfield>
   <subfield code="z">Phillipines</subfield>
   <subfield code="z">Manila.</subfield>
  </datafield>
  <datafield tag="650" ind1=" " ind2="0">
   <subfield code="a">Shipwrecks</subfield>
   <subfield code="z">Mexico</subfield>
   <subfield code="z">Baja California (Peninsula)</subfield>
  </datafield>
  <datafield tag="650" ind1=" " ind2="0">
   <subfield code="a">Underwater archaeology</subfield>
   <subfield code="z">Mexico</subfield>
   <subfield code="z">Baja California (Peninsula)</subfield>
  </datafield>
  <datafield tag="651" ind1=" " ind2="0">
   <subfield code="a">Baja California (Mexico : Peninsula)</subfield>
   <subfield code="x">Antiquities.</subfield>
  </datafield>
  <datafield tag="700" ind1="1" ind2=" ">
   <subfield code="a">Von der Porten, Arnold</subfield>
   <subfield code="d">1917-</subfield>
   <subfield code="e">writer of afterword.</subfield>
  </datafield>
  <datafield tag="856" ind1="0" ind2="0">
   <subfield code="y">Remote access thru OpenAthens account</subfield>
   <subfield code="u">https://research.ebsco.com/c/tsnrxa/search/details/sk7lrea73b?db=nlebk&amp;db=nlabk</subfield>
  </datafield>
  <datafield tag="905" ind1=" " ind2=" ">
   <subfield code="a">FI</subfield>
  </datafield>
  <datafield tag="852" ind1="0" ind2=" ">
   <subfield code="a">UPD</subfield>
   <subfield code="b">DMLF</subfield>
   <subfield code="h">CC 77 U5</subfield>
   <subfield code="i">V66 2019eb</subfield>
  </datafield>
  <datafield tag="942" ind1=" " ind2=" ">
   <subfield code="a">Electronic Resource</subfield>
  </datafield>
 </record>
</collection>
